Quizzes
Events
Quiz Creation
Community
Videos
Private Events
Remove Ads
Sign In
Join for FREE
Feedback
Dark Mode
Quiz Categories
Sports
Geography
Music
Movies
Television
Just For Fun
Miscellaneous
History
Literature
Language
Science
Gaming
Entertainment
Religion
Holiday
For Kids
Quiz Lab
Recent
Popular Today
Quiz Kudos Today
Editor Picks
Curator Picks
Quizzes by...
Day
Popularity
Type
Ratings
Length
Year
Community
Subscriptions
Recent Discussions
Orange Saloon
Badges
Playlists
Quests
Create
Leaderboards
Showdown
Live 5
Trivia Bingo
Activity
Puzzle Library
Sporcle Events
Private Events
Virtual Trivia
Globe League
Become a Host
Pub Owners
SporcleCon
Opinionation
Our Games
Videos
Blog
Mobile Apps
Partnerships
Remove Ads and Go Orange
Feedback
Miscellaneous
Crossword
General Knowledge
Baby Names
Logo
Food
Cars
Numbers
Grab Bag
University
College
Popular
Company
Slogans
Restaurants
Justice
Letter
Miscellaneous
Crossword
General Knowledge
Baby Names
Logo
Food
Cars
Numbers
Grab Bag
University
College
Popular
Company
Slogans
Restaurants
Justice
Letter
Random Quiz
Search Sporcle
×
Quiz Lab
Quiz Lab
Miscellaneous
Type in answers that appear in a list
Type in answers that appear in a list
Classic
Best Score? Go Orange.
Famous UC Alumni Stats
Name the famous University of Cincinnati alumni and faculty.
By
Anne13
5m
17 Questions
132 Plays
132 Plays
132 Plays
Comments
Comments
Give Quiz Kudos
Give Quiz Kudos
-
- Ratings
hide this ad
More Info
Replay
Link that replays current quiz
Next Quiz
Link to next quiz in quiz playlist
You Got
0%
They Got
Avg Score
26%
Avg Friend Score
Upgrade to see
Score Distribution
Jump to the score distribution portion of the page
Score
0/17
Timer
05:00
0
Plays Today
Description
Alumna/Alumnus/Instructor
% Correct
27th president of the United States [T]
William Howard Taft
72%
Basketball's player of the century [R]
Oscar Robertson
70.5%
Florida Gators football coach 2005-
2011 [M]
Urban Meyer
62.9%
Apollo moonwalker [A]
Neil Armstrong
59.8%
'Sex and the City' actress 1998-
2004 [P]
Sarah Jessica Parker
42.4%
Brooklyn Dodgers pitcher 1955-
1966 [K]
Sandy Koufax
36.4%
Sports broadcaster and ex Cincinnati Bengal [C]
Cris Collinsworth
25.8%
Cartoonist; 10th U.S. president namesake [T]
Carol Tyler
18.9%
Polio vaccine developer [S]
Albert Sabin
10.6%
Description
Alumna/Alumnus/Instructor
% Correct
Designer of household items sold at Target [G]
Michael Graves
10.6%
Poetic comedian often seen on Hollywood Squares [R]
Nipsey Russell
9.8%
Jazz trumpeter [H]
Al Hirt
9.1%
Golden Gate Bridge designer [S]
Joseph B. Strauss
9.1%
Recording Artist and TV host; sang '16 Tons' [F]
Tennessee Ernie Ford
7.6%
Metropolitan Opera star [B]
Kathleen Battle
6.1%
Calvin Coolidge's vice president [D]
Charles G. Dawes
2.3%
Pop artist known for collages [W]
Tom Wesselman
0.8%
Quiz Playlist
Details
Report
Send in Message
Add To Playlist
More Info:
UC alumni magazine
Classic:
Type in answers that appear in a list
Last Updated: Mar 8, 2023
Quiz Scoreboard
CHALLENGE
Sign Up to Join the Scoreboard
Show All
Scores
Hide
Comments
May contain spoilers
Recently Published
Presidents Visiting Landmarks
by Hejman
History
7m
An Introduction to Baseball
by treessimontrees
Sports
5m
Movies - When Are They Set?
by FPL_Elf
Movies
5m
More to Explore
Quiz From the Vault
Featured Blog Post
Where Did the Easter Bunny Come From?
hide this ad
You Might Also Like...
Tags
This quiz does not have any tags.
Today's Top Quizzes in Miscellaneous
Browse Miscellaneous
hide this ad
Top Contributed Quizzes in Miscellaneous
1
5-to-1: Fast Food
2
The JOE quick-fire general knowledge quiz: Day 174
3
The JOE quick-fire general knowledge quiz: Day 173
4
The JOE quick-fire general knowledge quiz: Day 172
5
5-to-1: Cocktails
6
One Thing in Common: United Kingdom II
7
Sunday Crossword: Famous Bodies of Water
8
The JOE quick-fire general knowledge quiz: Day 171
9
Named After an Animal - Odd One Out!
10
The JOE quick-fire quiz: Day 170
Explore More
Trending Topics
Crossword
Harry Potter
Marvel
Disney
Kpop
NBA
Anime
NFL
Pokémon
The Office
Soccer
WWE
Song
Country
Puzzle
hide this ad
More By:
Anne13
Quiz
Plays
Rating
Category
Featured
Created
'I' Countries
317,610
4.35
Geography
Dec 2, 2009
007 In Other Words
107,402
4.60
Movies
Sep 28, 2011
1 State, 4+ FBS Schools
92,799
4.37
Sports
Nov 16, 2010
75 Biggest One-Word Cities (US)
82,767
4.56
Geography
Aug 7, 2013
Great Lakes Borders
81,894
4.43
Geography
Sep 24, 2011
Go to Creator's Profile
Score Distribution
Quiz Creator Spotlight
Anne13
Follow
Send a Message
Quizzes Created
-
Created Quiz Play Count
-
More By This Creator
Popular Quizzes Today
1
Find the Countries of Europe - No Outlines Minefield
2
Find the US States - No Outlines Minefield
3
The Countries of the World
4
Popular People in 1961
5
Find the US States
6
US States
7
Risky Map Clicking: Biggest States A-Z
8
1-10 Letter E Words III
More Miscellaneous Quizzes
Pick 3 Websites
Quiz Lab
Trending Quizzes
Risky Map Clicking: Least Populous States A-Z
1-10 Letter F Words
1-10 Letter G Words
One Thing in Common: United Kingdom
Risky Map Clicking: Next State Alphabetically
Recently Updated
Leaping Animals
pecheneg
Reality TV Shows (A-Z)
bhenderson79
Rickey Henderson's Hall of Fame Teammates
pecheneg
Champions League XIs: Arsenal
pecheneg
Quick Pick: Celebrities in WWE's Hall of Fame
aduchscher
A-Z Keypad Blitz II
pecheneg
Multiple Oscar Actors
pecheneg
Mystery Phrase Blitz: Oscar 'Best Actors'
pecheneg
F. Scott Fitzgerald Novels
LTH
Pick 3 Villains
ddd62291
Trending Topics
Harry Potter
NBA
Disney
Kpop
Marvel
Anime
Crossword
Pokémon
Country
WWE
Song
Soccer
The Office
NFL
Puzzle
Your Account Isn't Verified!
In order to create a playlist on Sporcle, you need to verify the email address you used during registration. Go to your
Sporcle Settings
to finish the process.
Report this User
Report this user for behavior that violates our
Community Guidelines
.
Details:
Send Report
Go to the Sporcle.com Mobile Site →
Comments